| 000 | 00478nam a2200181Ia 4500 | ||
|---|---|---|---|
| 001 | 4604 | ||
| 005 | 20260306145808.0 | ||
| 008 | 260306t2020||||xx |||||||||||||| ||spa|| | ||
| 041 | _aESP | ||
| 082 |
_a327.383085 _bP77 |
||
| 100 |
_aPontificia Universidad Católica del Perú _eAUT |
||
| 245 | 0 | _aUna visión de futuro de las relaciones chileno-peruanas | |
| 260 | _c2020 | ||
| 300 |
_a157 páginas : _c24 cm. |
||
| 650 | _aGEN | ||
| 654 | _aCHU | ||
| 942 |
_cLIB _dJUS _fJUS _2ddc _n |
||
| 999 |
_c4604 _d4604 |
||